Delay any move towards legislative enactment (Record no. 72916)
[ view plain ]
| 000 -LEADER | |
|---|---|
| fixed length control field | 01422cam a2200241 4500 |
| 001 - CONTROL NUMBER | |
| control field | ABS66845 |
| 008 - FIXED-LENGTH DATA ELEMENTS--GENERAL INFORMATION | |
| fixed length control field | 030625n2003 000 0 eng u |
| 035 ## - SYSTEM CONTROL NUMBER | |
| System control number | (Sirsi) u122733 |
| 245 ## - TITLE STATEMENT | |
| Title | Delay any move towards legislative enactment |
| 260 ## - PUBLICATION, DISTRIBUTION, ETC. | |
| Date of publication, distribution, etc. | 2003 |
| 490 ## - SERIES STATEMENT | |
| Series statement | Residential Renting |
| Volume/sequential designation | (22) May 2003, 28-32 (5) |
| 520 ## - SUMMARY, ETC. | |
| Summary, etc. | Discusses York University's independent evaluation of the two-year pilot tenancy deposit scheme (TDS) with custodial and insured options, which was launched in March 2000. The full evaluation is the only place in which the pros and cons of a TDS solution are fully discussed and it concludes that a mandatory TDS regulating the entire sector would be something as yet unknown in the sector, therefore advises delay in legislative enactment to allow the full testing of the pilot over a two-year period. Summarises the views of Shelter and the Independent Housing Ombudsman in favour of a single mandatory TDS and adjudication body as well as the National Federation of Residential Landlords (NFRL). |
| 590 ## - LOCAL NOTE (RLIN) | |
| Local note | ABS |
| 650 ## - SUBJECT ADDED ENTRY--TOPICAL TERM | |
| Topical term or geographic name entry element | TENANCY DEPOSIT SCHEME (TDS) |
| 650 ## - SUBJECT ADDED ENTRY--TOPICAL TERM | |
| Topical term or geographic name entry element | LANDLORDS |
| 650 ## - SUBJECT ADDED ENTRY--TOPICAL TERM | |
| Topical term or geographic name entry element | DEPOSITS |
| 650 ## - SUBJECT ADDED ENTRY--TOPICAL TERM | |
| Topical term or geographic name entry element | PROPERTY-RESIDENTIAL PROPERTY-RESIDENTIAL LANDLORD AND TENANT-RESIDENTIAL TENANCIES |
| 650 ## - SUBJECT ADDED ENTRY--TOPICAL TERM | |
| Topical term or geographic name entry element | DISPUTE RESOLUTION |
| 9 (RLIN) | 6236 |
| 650 ## - SUBJECT ADDED ENTRY--TOPICAL TERM | |
| Topical term or geographic name entry element | TENANTS |
| 650 ## - SUBJECT ADDED ENTRY--TOPICAL TERM | |
| Topical term or geographic name entry element | INDEPENDENT HOUSING OMBUDSMAN |
| 690 ## - LOCAL SUBJECT ADDED ENTRY--TOPICAL TERM (OCLC, RLIN) | |
| Topical term or geographic name as entry element | PROPERTY MANAGEMENT-RESIDENTIAL PROPERTY |
| 942 ## - ADDED ENTRY ELEMENTS (KOHA) | |
| Suppress in OPAC | 0 |
| Withdrawn status | Lost status | Source of classification or shelving scheme | Damaged status | Not for loan | Home library | Current library | Shelving location | Date acquired | Total Checkouts | Full call number | Barcode | Date last seen | Copy number | Price effective from | Koha item type |
|---|---|---|---|---|---|---|---|---|---|---|---|---|---|---|---|
| Dewey Decimal Classification | London | London | Journal article | 25/06/2003 | ABS66845 | 122733-1001 | 06/08/2019 | 1 | 06/08/2019 | Journal article |